[Event "ESP-chT CECLUB Div2"]
[Site "Linares"]
[Date "2014.08.22"]
[Round "6.1"]
[White "Rodriguez Guerrero, Enrique"]
[Black "Garza Marco, Sergio"]
[Result "1/2-1/2"]
[WhiteElo "2433"]
[BlackElo "2445"]
[PlyCount "200"]
[EventDate "2014.08.18"]
[EventType "team-swiss"]
[EventRounds "6"]
[EventCountry "ESP"]
[SourceTitle "CBM 162 Extra"]
[Source "ChessBase"]
[SourceDate "2014.10.17"]
[SourceVersion "1"]
[SourceVersionDate "2014.10.17"]
[SourceQuality "1"]
[WhiteTeam "Nazari CC"]
[BlackTeam "Jaime Casas"]
[WhiteTeamCountry "ESP"]
[BlackTeamCountry "ESP"]

1. e4 Nf6 2. e5 Nd5 3. d4 d6 4. c4 Nb6 5. exd6 exd6 6. Nc3 g6 7. Nf3 Bg4 8. h3 Qe7+ 9. Be3 Bxf3 10. Qxf3 Nc6 11. 0-0-0 0-0-0 12. g4 Bg7 13. b3 f5 14. gxf5 Rdf8 15. h4 Kb8 16. Bg2 Rxf5 17. Qg4 Rhf8 18. h5 gxh5 19. Rxh5 Rxh5 20. Qxh5 h6 21. Qg6 Rf6 22. Qg4 Qf7 23. Bxc6 bxc6 24. Rg1 Bf8 25. Ne4 Rf5 26. Qg8 Qe7 27. Ng3 Rf3 28. Re1 Kb7 29. Qg6 Nd7 30. Nf5 Qf6 31. Qxf6 Nxf6 32. Nh4 Rh3 33. Ng6 Nd7 34. Bf4 Rf3 35. Re8 Bg7 36. Re7 Nf8 37. Rxg7 Nxg6 38. Bxd6 Rxf2 39. Rxc7+ Ka8 40. b4 Nf4 41. Rc8+ Kb7 42. Rc7+ Ka8 43. Rc8+ Kb7 44. Rb8+ Ka6 45. a4 Ne6 46. d5 cxd5 47. cxd5 Nd4 48. Kd1 Rf5 49. Bc5 Rxd5 50. Ke1 Ne6 51. Be3 Rd7 52. Bd2 Rb7 53. Rh8 Re7 54. Rb8 Rb7 55. Re8 Nd4 56. Kd1 Rb6 57. Re7 Rb7 58. Re4 Rd7 59. Bxh6 Kb7 60. Kc1 Kc6 61. Be3 Nf5 62. Bf2 a6 63. Kc2 Nd6 64. Re5 Rf7 65. Be3 Rf5 66. Re7 a5 67. b5+ Nxb5 68. axb5+ Kxb5 69. Kc3 Rf3 70. Re6 a4 71. Re5+ Kc6 72. Kb4 Kd6 73. Re4 Kd5 74. Re8 Rf7 75. Kxa4 Rb7 76. Bd2 Kc4 77. Rc8+ Kd4 78. Bb4 Kd3 79. Kb3 Rb6 80. Rd8+ Ke4 81. Kc4 Kf5 82. Re8 Re6 83. Rf8+ Rf6 84. Rd8 Re6 85. Bc5 Re2 86. Bd4 Ra2 87. Re8 Ra4+ 88. Kd5 Ra5+ 89. Bc5 Kf4 90. Rf8+ Kg4 91. Kd4 Ra4+ 92. Ke3 Ra6 93. Bd4 Re6+ 94. Kd3 Re7 95. Be3 Rd7+ 96. Ke2 Rb7 97. Rf4+ Kh5 98. Kf3 Kg6 99. Kg4 Re7 100. Bf2 Rf7 1/2-1/2

[Event "Granada Nazari GM"]
[Site "Granada"]
[Date "2014.04.19"]
[Round "8"]
[White "Rodriguez Guerrero, Enrique"]
[Black "Camacho Collados, Marcos"]
[Result "1/2-1/2"]
[WhiteElo "2432"]
[BlackElo "2417"]
[PlyCount "33"]
[EventDate "2014.04.15"]
[EventType "tourn"]
[EventRounds "9"]
[EventCountry "ESP"]
[EventCategory "8"]
[SourceTitle "CBM 160 Extra"]
[Source "ChessBase"]
[SourceDate "2014.07.01"]
[SourceVersion "1"]
[SourceVersionDate "2014.07.01"]
[SourceQuality "1"]

1. d4 Nf6 2. c4 g6 3. Nc3 d5 4. cxd5 Nxd5 5. e4 Nxc3 6. bxc3 Bg7 7. Bc4 0-0 8. Ne2 c5 9. 0-0 Nc6 10. Be3 cxd4 11. cxd4 Bg4 12. f3 Na5 13. Bd3 Be6 14. d5 Bxa1 15. Qxa1 f6 16. Qd4 Bd7 17. e5 1/2-1/2

[Event "ESP-ch Universities"]
[Site "Badajoz"]
[Date "2013.04.18"]
[Round "7"]
[White "Pena Gomez, Manuel"]
[Black "Rodriguez Guerrero, Enrique"]
[Result "1-0"]
[WhiteElo "2412"]
[BlackElo "2445"]
[PlyCount "125"]
[EventDate "2013.04.17"]
[EventType "swiss"]
[EventRounds "9"]
[EventCountry "ESP"]
[SourceTitle "CBM 154 Extra"]
[Source "ChessBase"]
[SourceDate "2013.06.25"]
[SourceVersion "2"]
[SourceVersionDate "2013.06.25"]
[SourceQuality "1"]

1. g3 c5 2. Bg2 Nc6 3. c4 g6 4. e3 Bg7 5. Ne2 e5 6. 0-0 Nge7 7. Nbc3 0-0 8. b3 a6 9. Bb2 Rb8 10. Nd5 b5 11. Nxe7+ Nxe7 12. Rc1 d6 13. d4 bxc4 14. dxc5 d5 15. e4 dxe4 16. Rxc4 f5 17. Qd6 Qxd6 18. cxd6 Nd5 19. Rd1 Nb6 20. Rc7 Rf7 21. Nc3 Rxc7 22. dxc7 Rb7 23. Rd8+ Kf7 24. Na4 Nxa4 25. Rxc8 Nxb2 26. Rf8+ Bxf8 27. c8Q Rb5 28. Qd7+ Be7 29. g4 Kf6 30. gxf5 gxf5 31. Bh3 Nd3 32. Qxf5+ Kg7 33. Qd7 Kf8 34. Bf1 Ra5 35. Bxd3 exd3 36. a4 e4 37. Qc8+ Kf7 38. Qc4+ Ke8 39. Qc6+ Kf8 40. Qxe4 Rg5+ 41. Kf1 h6 42. b4 Kf7 43. Qxd3 Rg6 44. b5 axb5 45. Qxb5 Rg5 46. Qc6 h5 47. Qb6 Rf5 48. Ke2 Bc5 49. Qb7+ Ke6 50. f3 Bd6 51. Qc8+ Kf6 52. Qd8+ Be7 53. Qb6+ Kf7 54. a5 Re5+ 55. Kd3 Re6 56. Qb3 Kf6 57. Qc3+ Kf5 58. Qc8 Kf6 59. a6 Rd6+ 60. Kc4 Rd1 61. Qh8+ Kg6 62. a7 Rc1+ 63. Kd3 1-0

[Event "ESP-ch Universities"]
[Site "Badajoz"]
[Date "2013.04.18"]
[Round "6"]
[White "Salgado Lopez, Ivan"]
[Black "Rodriguez Guerrero, Enrique"]
[Result "1-0"]
[WhiteElo "2602"]
[BlackElo "2445"]
[PlyCount "111"]
[EventDate "2013.04.17"]
[EventType "swiss"]
[EventRounds "9"]
[EventCountry "ESP"]
[SourceTitle "CBM 154 Extra"]
[Source "ChessBase"]
[SourceDate "2013.06.25"]
[SourceVersion "2"]
[SourceVersionDate "2013.06.25"]
[SourceQuality "1"]

1. d4 Nf6 2. Nf3 c5 3. d5 e6 4. dxe6 fxe6 5. g3 Nc6 6. Bg2 d5 7. 0-0 Bd6 8. c4 0-0 9. Bg5 d4 10. Nbd2 e5 11. Ne1 Qe8 12. Bxf6 gxf6 13. e4 Qg6 14. Qe2 Bg4 15. f3 Bd7 16. Nd3 Rae8 17. f4 exf4 18. gxf4 Kh8 19. Kh1 Rg8 20. Qf2 Qh6 21. Rae1 Ref8 22. a3 a5 23. Rg1 Rg4 24. Ref1 Rfg8 25. e5 fxe5 26. Bd5 Rxg1+ 27. Rxg1 Rxg1+ 28. Qxg1 Ne7 29. Bxb7 exf4 30. Ne4 Nf5 31. Nxd6 Qxd6 32. Qg5 Bc6+ 33. Bxc6 Qxc6+ 34. Kg1 Qe4 35. Nxf4 Qe1+ 36. Kg2 Qe4+ 37. Kg1 Qb1+ 38. Kf2 Qxb2+ 39. Kf3 Qb3+ 40. Ke4 Nd6+ 41. Kd5 Nf7 42. Qf6+ Kg8 43. Ne6 Qb7+ 44. Kxc5 Qa7+ 45. Kd5 Qd7+ 46. Ke4 Nd6+ 47. Kd3 Qf7 48. Qg5+ Qg6+ 49. Qxg6+ hxg6 50. Nxd4 Kf7 51. c5 Nb7 52. Kc4 Ke7 53. Kd5 Kd8 54. a4 Kc7 55. Ne6+ Kc8 56. h4 1-0

[Event "ESP-ch Universities"]
[Site "Badajoz"]
[Date "2013.04.17"]
[Round "4"]
[White "Jimenez Martinez, Jose Vicente"]
[Black "Rodriguez Guerrero, Enrique"]
[Result "1/2-1/2"]
[WhiteElo "2244"]
[BlackElo "2445"]
[PlyCount "107"]
[EventDate "2013.04.17"]
[EventType "swiss"]
[EventRounds "9"]
[EventCountry "ESP"]
[SourceTitle "CBM 154 Extra"]
[Source "ChessBase"]
[SourceDate "2013.06.25"]
[SourceVersion "2"]
[SourceVersionDate "2013.06.25"]
[SourceQuality "1"]

1. d4 b6 2. c4 e6 3. Nf3 Bb7 4. e3 Nf6 5. Be2 d6 6. 0-0 Nbd7 7. Nc3 g6 8. Qc2 Bg7 9. b3 0-0 10. Bb2 Re8 11. e4 e5 12. d5 a5 13. a3 Nh5 14. Rfe1 Nf4 15. Bf1 Rf8 16. g3 Nh5 17. Be2 Qe8 18. Nb5 Qd8 19. Nc3 Bh6 20. Bc1 Bxc1 21. Qxc1 Ng7 22. Qh6 f6 23. b4 Qe7 24. Bf1 Rad8 25. Rad1 Bc8 26. Nb5 Nb8 27. Bh3 Bxh3 28. Qxh3 Na6 29. Na7 Nb8 30. bxa5 bxa5 31. Rb1 c6 32. dxc6 Qxa7 33. Rb7 Qa6 34. Qh6 Nd7 35. Rxd7 Rxd7 36. cxd7 Qxc4 37. Qd2 Qc6 38. Rd1 Qxd7 39. Qxd6 Qa4 40. Qd5+ Kh8 41. Rd3 Qc2 42. Kg2 a4 43. Rd2 Qc3 44. Rd3 Qc2 45. Rd2 Qc1 46. Rd3 Qc2 47. Rd2 Qc1 48. Rd3 Qc2 49. Rd2 Qc1 50. Qd6 Kg8 51. Qd5+ Kh8 52. Qd6 Kg8 53. Qd5+ Kh8 54. Qd6 1/2-1/2

[Event "BCF-chTc 1112 (4NCL)"]
[Site "England"]
[Date "2012.05.07"]
[Round "11.142"]
[White "Edouard, Romain"]
[Black "Rodriguez Guerrero, Enrique"]
[Result "1-0"]
[WhiteElo "2607"]
[BlackElo "2454"]
[PlyCount "133"]
[EventDate "2011.11.12"]
[EventType "team-swiss"]
[EventRounds "11"]
[EventCountry "ENG"]
[SourceTitle "EXT 2013"]
[Source "ChessBase"]
[SourceDate "2012.11.22"]
[SourceVersion "1"]
[SourceVersionDate "2012.11.22"]
[SourceQuality "1"]
[WhiteTeam "Guildford"]
[BlackTeam "Cheddleton"]
[WhiteTeamCountry "ENG"]
[BlackTeamCountry "ENG"]

1. e4 c5 2. Nc3 Nc6 3. Nf3 e5 4. Bc4 d6 5. d3 Be7 6. 0-0 Nf6 7. Ng5 0-0 8. f4 Bg4 9. Qe1 exf4 10. Bxf4 Nd4 11. Qd2 Qd7 12. a4 h6 13. Nf3 Nxf3+ 14. gxf3 Be6 15. Kh1 Kh7 16. Rae1 a6 17. Rg1 Rae8 18. Qg2 Rg8 19. Bxe6 Qxe6 20. Bc1 g5 21. Qf1 Rg6 22. Nd1 Reg8 23. Ne3 Nh5 24. c3 Bd8 25. Rd1 Ng7 26. Nd5 Nh5 27. Qe2 f5 28. Ne3 f4 29. Nf5 Qb3 30. d4 Qxa4 31. dxc5 dxc5 32. Rd5 Nf6 33. Rxc5 g4 34. Qd3 gxf3 35. Rxg6 Kxg6 36. Nd6 Qa1 37. e5+ Kg7 38. Qd2 f2 39. Kg2 Kf8+ 40. Kxf2 Bb6 41. Qxf4 Bxc5+ 42. Kf3 Rg6 43. exf6 Qb1 44. Qxh6+ Rxh6 45. Bxh6+ Kg8 46. f7+ Kh7 47. f8Q Qd3+ 48. Kg4 Qg6+ 49. Bg5 Bxd6 50. Qf3 Qe6+ 51. Kh5 Qe8+ 52. Kh4 Qe1+ 53. Kh3 Qe6+ 54. Kg2 b5 55. h4 Kg8 56. Qd3 Be5 57. Qe4 Qd6 58. Kf3 Qd1+ 59. Kf2 Bg7 60. Qg6 Qg4 61. h5 Kh8 62. h6 Bd4+ 63. cxd4 Qxd4+ 64. Ke1 Qb4+ 65. Kd1 Qa4+ 66. Kc1 Qc4+ 67. Kb1 1-0

[Event "BCF-chTc 1112 (4NCL)"]
[Site "England"]
[Date "2012.05.07"]
[Round "9.23"]
[White "Rodriguez Guerrero, Enrique"]
[Black "Buchicchio, Giampaolo"]
[Result "1-0"]
[WhiteElo "2454"]
[BlackElo "2300"]
[PlyCount "125"]
[EventDate "2011.11.12"]
[EventType "team-swiss"]
[EventRounds "11"]
[EventCountry "ENG"]
[SourceTitle "EXT 2013"]
[Source "ChessBase"]
[SourceDate "2012.11.22"]
[SourceVersion "1"]
[SourceVersionDate "2012.11.22"]
[SourceQuality "1"]
[WhiteTeam "Cheddleton"]
[BlackTeam "Barbican II"]
[WhiteTeamCountry "ENG"]
[BlackTeamCountry "ENG"]

1. e4 c5 2. Nf3 Nc6 3. d4 cxd4 4. Nxd4 e5 5. Nb5 d6 6. N1c3 a6 7. Na3 Be6 8. Nc4 b5 9. Ne3 Nf6 10. a3 Ne7 11. Be2 g6 12. 0-0 Bg7 13. Bf3 0-0 14. Qd3 Qb6 15. Rd1 Rfd8 16. g4 Rac8 17. h4 Ne8 18. a4 Nc7 19. Bd2 b4 20. Ncd5 Ncxd5 21. exd5 Bd7 22. a5 Qb7 23. Qb3 Rb8 24. Nc4 Nc8 25. Be3 f5 26. g5 Re8 27. Bg2 f4 28. Bd2 Bf5 29. Re1 h6 30. Bxf4 Bf8 31. gxh6 Qh7 32. Bg5 Bxh6 33. Qe3 Bxg5 34. Qxg5 Rf8 35. Ne3 Ne7 36. Bf1 Be4 37. Ng4 Bxd5 38. Nf6+ Rxf6 39. Qxf6 Rf8 40. Qg5 Rf4 41. Bg2 Rxh4 42. f3 Nf5 43. Qd8+ Kf7 44. Rad1 Ke6 45. Qc8+ Kf6 46. Qd8+ Qe7 47. Qxe7+ Nxe7 48. Re4 Bxe4 49. Rxd6+ Kg5 50. fxe4 Rh8 51. Re6 Re8 52. Kf2 Kf4 53. c3 bxc3 54. bxc3 Rc8 55. Rxe7 Rc5 56. Re6 Rxa5 57. Rxg6 Ra2+ 58. Kg1 a5 59. Rf6+ Kg3 60. Rf3+ Kg4 61. Rf5 Ra1+ 62. Kh2 a4 63. Bf3+ 1-0

[Event "BCF-chTc 1112 (4NCL)"]
[Site "England"]
[Date "2012.05.06"]
[Round "10.112"]
[White "Rodriguez Guerrero, Enrique"]
[Black "McShane, Luke J"]
[Result "0-1"]
[WhiteElo "2454"]
[BlackElo "2691"]
[PlyCount "84"]
[EventDate "2011.11.12"]
[EventType "team-swiss"]
[EventRounds "11"]
[EventCountry "ENG"]
[SourceTitle "EXT 2013"]
[Source "ChessBase"]
[SourceDate "2012.11.22"]
[SourceVersion "1"]
[SourceVersionDate "2012.11.22"]
[SourceQuality "1"]
[WhiteTeam "Cheddleton"]
[BlackTeam "Wood Green Hilsmark"]
[WhiteTeamCountry "ENG"]
[BlackTeamCountry "ENG"]

1. e4 e5 2. Bc4 Nf6 3. d3 Bc5 4. Nc3 0-0 5. Nf3 d6 6. Bg5 c6 7. 0-0 Nbd7 8. a3 Bb6 9. b4 Re8 10. Bb3 Nf8 11. Na4 Bc7 12. c4 h6 13. Bh4 Ng6 14. Bg3 Bg4 15. Re1 Nh7 16. h3 Bh5 17. Qd2 Bxf3 18. gxf3 Ng5 19. Kg2 Ne6 20. Rh1 Nd4 21. Bd1 a5 22. Rb1 axb4 23. axb4 Nh4+ 24. Kf1 Nhxf3 25. Qe3 Ng5 26. b5 Qd7 27. Kg2 Nge6 28. bxc6 bxc6 29. c5 dxc5 30. Nb6 Bxb6 31. Rxb6 Qc7 32. Rb1 Nf4+ 33. Kf1 Ra3 34. Bxf4 exf4 35. Qc1 Rxd3 36. Qxc5 Qe5 37. Qxe5 Rxe5 38. Be2 Rc3 39. Rd1 Nxe2 40. Rd8+ Kh7 41. Kxe2 Rxe4+ 42. Kd2 Rf3 0-1

[Event "Andorra op 29th"]
[Site "Arinsal"]
[Date "2011.07.24"]
[Round "9"]
[White "Rodriguez Guerrero, Enrique"]
[Black "Del Rio de Angelis, Salvador Gabriel"]
[Result "1/2-1/2"]
[WhiteElo "2449"]
[BlackElo "2509"]
[PlyCount "67"]
[EventDate "2011.07.16"]
[EventType "swiss"]
[EventRounds "9"]
[EventCountry "AND"]
[SourceTitle "CBM 143 Extra"]
[Source "ChessBase"]
[SourceDate "2011.08.29"]
[SourceVersion "1"]
[SourceVersionDate "2011.08.29"]
[SourceQuality "1"]

1. e4 e6 2. d4 d5 3. Nc3 Bb4 4. e5 c5 5. a3 Bxc3+ 6. bxc3 Ne7 7. Qg4 cxd4 8. Qxg7 Rg8 9. Qxh7 Qc7 10. Ne2 Nbc6 11. f4 Bd7 12. Qd3 dxc3 13. Rb1 d4 14. Ng3 0-0-0 15. Be2 Ng6 16. 0-0 Nh4 17. Rf2 Ne7 18. Qxd4 Bb5 19. Qe4 Bxe2 20. Qxe2 Nef5 21. Nxf5 Nxf5 22. Be3 Qc6 23. Re1 Rg6 24. Qf3 Qa4 25. Bc5 Rdg8 26. Bd6 Qd4 27. Rb1 Rxg2+ 28. Kh1 Qb6 29. Rff1 Rxh2+ 30. Kxh2 Rh8+ 31. Kg2 Rg8+ 32. Kh2 Rh8+ 33. Kg2 Rg8+ 34. Kh2 1/2-1/2

[Event "Andorra op 29th"]
[Site "Arinsal"]
[Date "2011.07.19"]
[Round "4"]
[White "Arizmendi Martinez, Julen Luis"]
[Black "Rodriguez Guerrero, Enrique"]
[Result "1/2-1/2"]
[WhiteElo "2555"]
[BlackElo "2449"]
[PlyCount "82"]
[EventDate "2011.07.16"]
[EventType "swiss"]
[EventRounds "9"]
[EventCountry "AND"]
[SourceTitle "CBM 143 Extra"]
[Source "ChessBase"]
[SourceDate "2011.08.29"]
[SourceVersion "1"]
[SourceVersionDate "2011.08.29"]
[SourceQuality "1"]

1. d4 d5 2. c4 c6 3. Nf3 Nf6 4. Nc3 e6 5. e3 Nbd7 6. Qc2 Bd6 7. Be2 0-0 8. 0-0 dxc4 9. Bxc4 a6 10. a4 c5 11. Rd1 cxd4 12. exd4 Qc7 13. Qe2 Re8 14. Bg5 h6 15. Bh4 b6 16. Rac1 Bb7 17. Bg3 Bxg3 18. hxg3 Qd6 19. Bd3 Qb4 20. Ne5 Rac8 21. Bxa6 Bxa6 22. Qxa6 Qxb2 23. Nxd7 Nxd7 24. Qb5 Qxb5 25. Nxb5 Nf6 26. Nd6 Rxc1 27. Rxc1 Rd8 28. Rc8 Rxc8 29. Nxc8 Nd5 30. Kf1 Kf8 31. Ke1 Ke8 32. Nd6+ Kd7 33. Nc4 f6 34. Kd2 Kc6 35. g4 Nc7 36. Kd3 Na6 37. Ne3 e5 38. Nf5 Kd5 39. Ne3+ Kc6 40. Nf5 Kd5 41. Ne3+ Kc6 1/2-1/2

[Event "Andorra op 29th"]
[Site "Arinsal"]
[Date "2011.07.16"]
[Round "1"]
[White "Rodriguez Guerrero, Enrique"]
[Black "Nieves Cabanes, Javier"]
[Result "1-0"]
[WhiteElo "2449"]
[BlackElo "1910"]
[PlyCount "115"]
[EventDate "2011.07.16"]
[EventType "swiss"]
[EventRounds "9"]
[EventCountry "AND"]
[SourceTitle "CBM 143 Extra"]
[Source "ChessBase"]
[SourceDate "2011.08.29"]
[SourceVersion "1"]
[SourceVersionDate "2011.08.29"]
[SourceQuality "1"]

1. e4 c5 2. Nf3 Nc6 3. Nc3 g6 4. d4 cxd4 5. Nxd4 Bg7 6. Be3 Nf6 7. Bc4 0-0 8. Bb3 d6 9. f3 Bd7 10. Qd2 Rc8 11. 0-0-0 Nxd4 12. Bxd4 b5 13. e5 dxe5 14. Bxe5 Bc6 15. Qxd8 Rfxd8 16. a4 a6 17. axb5 axb5 18. Na2 Bh6+ 19. Kb1 Nd7 20. Bd4 e5 21. Bc3 Bg7 22. Bd5 Nb8 23. Nb4 Bxd5 24. Nxd5 Nc6 25. Rhe1 Rb8 26. Rd3 Nd4 27. Ne7+ Kf8 28. Bb4 Ke8 29. c3 Ne6 30. Nd5 Rd7 31. Red1 Rbd8 32. Ba5 Ra8 33. Bb6 Rb8 34. Ba5 Ra8 35. b4 Kf8 36. Kb2 Rc8 37. Bb6 Rc6 38. Bf2 f5 39. Bg3 Rcd6 40. Nf6 Bxf6 41. Rxd6 Rxd6 42. Rxd6 Ke7 43. Rd5 Nc7 44. Rc5 Kd6 45. Kc2 h5 46. h4 Bg7 47. Kd3 Bf6 48. c4 bxc4+ 49. Kxc4 Na6 50. Rd5+ Ke6 51. b5 Nb8 52. b6 f4 53. Bf2 Be7 54. b7 Bd6 55. Ba7 Nc6 56. Rxd6+ Kxd6 57. b8Q+ Nxb8 58. Bxb8+ 1-0

[Event "ESP-ch Universities"]
[Site "Leon"]
[Date "2010.05.03"]
[Round "3"]
[White "Rodriguez Guerrero, Enrique"]
[Black "Hernandez Leon, Alberto"]
[Result "1-0"]
[WhiteElo "2463"]
[BlackElo "2271"]
[PlyCount "87"]
[EventDate "2010.05.03"]
[EventType "swiss"]
[EventRounds "9"]
[EventCountry "ESP"]
[SourceTitle "CBM 136 Extra"]
[Source "ChessBase"]
[SourceDate "2010.07.02"]
[SourceVersion "2"]
[SourceVersionDate "2010.07.15"]
[SourceQuality "1"]

1. e4 c5 2. Nf3 d6 3. d4 cxd4 4. Nxd4 e5 5. Bb5+ Bd7 6. Bxd7+ Qxd7 7. Nf5 Nf6 8. Nc3 Nxe4 9. Nxg7+ Bxg7 10. Nxe4 d5 11. Bh6 0-0 12. Bxg7 Kxg7 13. Ng3 Nc6 14. 0-0 f5 15. f4 e4 16. c3 Rad8 17. Rc1 d4 18. cxd4 Qxd4+ 19. Qxd4+ Rxd4 20. Rfd1 Rxd1+ 21. Rxd1 Kg6 22. Rd6+ Rf6 23. Rd7 b6 24. a3 a5 25. h4 h5 26. Kf2 Nb8 27. Rd8 Na6 28. Rg8+ Kf7 29. Rg5 Nc5 30. Nxh5 Rd6 31. Rxf5+ Kg6 32. Rg5+ Kf7 33. b4 axb4 34. axb4 Na4 35. Ng3 Nc3 36. Re5 Rd2+ 37. Kg1 Rd4 38. h5 Rxb4 39. h6 Rb3 40. h7 Kg7 41. Re7+ Kh8 42. f5 Nd5 43. Rxe4 Kxh7 44. Nf1 1-0

[Event "Salobrena op"]
[Site "Salobrena"]
[Date "2009.10.10"]
[Round "5"]
[White "Suba, Mihai"]
[Black "Rodriguez Guerrero, Enrique"]
[Result "1/2-1/2"]
[WhiteElo "2501"]
[BlackElo "2468"]
[PlyCount "102"]
[EventDate "2009.10.10"]
[EventType "swiss (rapid)"]
[EventRounds "9"]
[EventCountry "ESP"]
[SourceTitle "CBM 132 Extra"]
[Source "ChessBase"]
[SourceDate "2009.11.03"]
[SourceVersion "1"]
[SourceVersionDate "2009.11.03"]
[SourceQuality "1"]

1. c4 Nf6 2. Nc3 e5 3. Nf3 Nc6 4. e3 Bb4 5. Qc2 Bxc3 6. bxc3 0-0 7. Be2 d6 8. 0-0 Re8 9. e4 Ne7 10. Re1 Ng6 11. d3 h6 12. Nd2 Nh7 13. Nf1 Nf4 14. Ng3 Ng5 15. f3 b6 16. d4 Qf6 17. Be3 c5 18. Rad1 Qg6 19. Qd2 Nge6 20. Bf1 h5 21. Kh1 Qf6 22. d5 h4 23. Nf5 Nf8 24. Bxf4 exf4 25. Qxf4 Bxf5 26. Qxf5 Qxf5 27. exf5 Nd7 28. g3 Re5 29. f4 Rxe1 30. Rxe1 hxg3 31. hxg3 Kf8 32. Kg2 Re8 33. Rxe8+ Kxe8 34. Kf3 Ke7 35. g4 f6 36. g5 Nb8 37. Be2 Nd7 38. Ke4 Nf8 39. Bd1 Nh7 40. g6 Nf8 41. Ba4 Kd8 42. Kd3 Kc7 43. Kc2 Nd7 44. Kb3 Nb8 45. Be8 Kb7 46. Ka4 Na6 47. Bc6+ Kb8 48. Bb5 Nc7 49. Bd7 Kb7 50. Kb3 Kb8 51. a4 a5 1/2-1/2

[Event "ESP-ch Universities"]
[Site "Madrid"]
[Date "2008.05.09"]
[Round "5"]
[White "Rodriguez Guerrero, Enrique"]
[Black "Camacho Collados, Jose"]
[Result "1/2-1/2"]
[WhiteElo "2457"]
[BlackElo "2258"]
[PlyCount "82"]
[EventDate "2008.05.08"]
[EventType "swiss"]
[EventRounds "9"]
[EventCountry "ESP"]
[SourceTitle "CBM 124 Extra"]
[Source "ChessBase"]
[SourceDate "2008.07.03"]
[SourceVersion "1"]
[SourceVersionDate "2008.07.03"]
[SourceQuality "1"]

1. e4 c6 2. d4 d5 3. Nc3 dxe4 4. Nxe4 Bf5 5. Ng3 Bg6 6. h4 h6 7. Nf3 Nd7 8. h5 Bh7 9. Bd3 Bxd3 10. Qxd3 e6 11. Bf4 Qa5+ 12. Bd2 Qc7 13. Ne4 Ngf6 14. 0-0-0 0-0-0 15. g3 Nxe4 16. Qxe4 Bd6 17. c4 c5 18. Bc3 Nf6 19. Qe2 cxd4 20. Nxd4 a6 21. Nf3 Qc5 22. Rh4 Bc7 23. Bd4 Qa5 24. a3 Rd7 25. Bc3 Rxd1+ 26. Qxd1 Qc5 27. Qe2 Rd8 28. Ne5 Bxe5 29. Bxe5 Rd5 30. f4 Qg1+ 31. Kc2 Rd7 32. Rh3 a5 33. a4 Ne4 34. Qxe4 Qd1+ 35. Kc3 Qd2+ 36. Kb3 Qb4+ 37. Kc2 Qd2+ 38. Kb3 Rd3+ 39. Bc3 Qd1+ 40. Ka3 Qa1+ 41. Kb3 Qd1+ 1/2-1/2

[Event "ESP-chT finals"]
[Site "Calvia"]
[Date "2007.10.21"]
[Round "2"]
[White "Argandona Riveiro, Inigo"]
[Black "Rodriguez Guerrero, Enrique"]
[Result "1/2-1/2"]
[WhiteElo "2397"]
[BlackElo "2440"]
[PlyCount "23"]
[EventDate "2007.10.20"]
[EventType "team"]
[EventRounds "2"]
[EventCountry "ESP"]
[SourceTitle "CBM 121"]
[Source "ChessBase"]
[SourceDate "2007.11.14"]
[SourceVersion "1"]
[SourceVersionDate "2007.11.14"]
[SourceQuality "1"]

1. d4 Nf6 2. c4 c5 3. d5 b5 4. Nd2 bxc4 5. e4 c3 6. bxc3 d6 7. Bb5+ Bd7 8. Bxd7+ Nbxd7 9. c4 g6 10. Bb2 Bg7 11. Qc2 0-0 12. Ngf3 1/2-1/2

[Event "Mislata op 15th"]
[Site "Mislata"]
[Date "2007.08.27"]
[Round "7"]
[White "Rodriguez Guerrero, Enrique"]
[Black "Garcia Roman, Daniel"]
[Result "1-0"]
[WhiteElo "2447"]
[BlackElo "2427"]
[PlyCount "115"]
[EventDate "2007.08.22"]
[EventType "swiss"]
[EventRounds "9"]
[EventCountry "ESP"]
[SourceTitle "CBM 120 Extra"]
[Source "ChessBase"]
[SourceDate "2007.11.01"]
[SourceVersion "1"]
[SourceVersionDate "2007.11.01"]
[SourceQuality "1"]

1. e4 c6 2. d4 d5 3. Nc3 dxe4 4. Nxe4 Nd7 5. Ng5 Ngf6 6. Bd3 e6 7. N1f3 Bd6 8. Qe2 h6 9. Ne4 Nxe4 10. Qxe4 Qc7 11. 0-0 c5 12. Re1 Nf6 13. Qh4 Bd7 14. dxc5 Bxc5 15. Ne5 Bd6 16. Nxd7 Qxd7 17. Be3 Ke7 18. Rad1 Qc7 19. Bd4 Rhd8 20. g3 Bc5 21. Bc3 Qb6 22. Rf1 Bd4 23. Bd2 Rd7 24. b3 Rad8 25. Rde1 Qc5 26. a4 a6 27. Re2 Bc3 28. Be3 Bd4 29. Rfe1 Bxe3 30. Rxe3 Rd4 31. Qh3 Kf8 32. Qg2 Qd5 33. Bf1 Qxg2+ 34. Bxg2 Nd5 35. Re4 Rxe4 36. Bxe4 b6 37. Rd1 Ke7 38. f4 a5 39. Rd2 Nc3 40. Rxd8 Kxd8 41. Bf3 Ke7 42. Kf2 Na2 43. Ke3 Nb4 44. c3 Na6 45. Kd4 Kd6 46. Kc4 Nc7 47. b4 f6 48. h4 g5 49. hxg5 hxg5 50. fxg5 fxg5 51. Bg2 g4 52. Bb7 e5 53. Be4 axb4 54. cxb4 Ne6 55. a5 bxa5 56. bxa5 Kc7 57. Bd5 Nd4 58. Kc5 1-0

[Event "Mislata op 15th"]
[Site "Mislata"]
[Date "2007.08.23"]
[Round "2"]
[White "Benavent Espi, Vicente"]
[Black "Rodriguez Guerrero, Enrique"]
[Result "0-1"]
[WhiteElo "2108"]
[BlackElo "2447"]
[PlyCount "70"]
[EventDate "2007.08.22"]
[EventType "swiss"]
[EventRounds "9"]
[EventCountry "ESP"]
[SourceTitle "CBM 120 Extra"]
[Source "ChessBase"]
[SourceDate "2007.11.01"]
[SourceVersion "1"]
[SourceVersionDate "2007.11.01"]
[SourceQuality "1"]

1. e4 e6 2. d4 d5 3. Nc3 Bb4 4. Nge2 Nc6 5. e5 f6 6. Nf4 Qe7 7. Qh5+ Qf7 8. Qxf7+ Kxf7 9. exf6 gxf6 10. Be3 Nge7 11. 0-0-0 Nf5 12. Nb5 Bd7 13. c4 Nce7 14. cxd5 exd5 15. Bd2 Bxd2+ 16. Rxd2 c6 17. Nc3 Ng6 18. Nd3 Rae8 19. Nc5 Re1+ 20. Rd1 Rxd1+ 21. Kxd1 Bc8 22. Nb3 h5 23. g3 h4 24. g4 Nd6 25. h3 Nf4 26. Nc1 Rd8 27. N3e2 Ne6 28. f3 Ng5 29. f4 Nge4 30. Kc2 Nc4 31. Nd3 Re8 32. Rg1 b6 33. Kc1 Ned2 34. Nc3 Nf3 35. Rh1 Nxd4 0-1

[Event "ESP-chT Honor Gp2"]
[Site "Torrelavega"]
[Date "2007.06.27"]
[Round "1"]
[White "Rodriguez Guerrero, Enrique"]
[Black "Lezcano Jaen, Pedro"]
[Result "0-1"]
[WhiteElo "2446"]
[BlackElo "2382"]
[PlyCount "138"]
[EventDate "2007.06.27"]
[EventType "team"]
[EventRounds "5"]
[EventCountry "ESP"]
[SourceTitle "CBM 119"]
[Source "ChessBase"]
[SourceDate "2007.08.01"]
[SourceVersion "1"]
[SourceVersionDate "2007.08.01"]
[SourceQuality "1"]

1. e4 d5 2. exd5 Qxd5 3. Nc3 Qd8 4. d4 c6 5. Nf3 Bg4 6. Bc4 e6 7. Be3 Nf6 8. h3 Bh5 9. g4 Bg6 10. Ne5 Nbd7 11. Qe2 Bb4 12. Nxg6 hxg6 13. 0-0-0 Bxc3 14. bxc3 Qa5 15. Bd2 Nb6 16. Bb3 Qa3+ 17. Kb1 Na4 18. Bxa4 Qxa4 19. Qd3 0-0-0 20. Be3 c5 21. c4 cxd4 22. Bf4 Qc6 23. Rhe1 Nd7 24. Bh2 Qc5 25. Ka1 e5 26. Rb1 f6 27. Rb5 Qc6 28. Reb1 b6 29. Qa3 Kb7 30. Ra5 Ra8 31. Qe7 Rhc8 32. c5 Rc7 33. Qxg7 g5 34. Qg6 Nxc5 35. Rab5 Rac8 36. Bg3 Na4 37. R5b3 Nc3 38. Re1 Nd5 39. Rb2 Ne7 40. Qf7 Nf5 41. Qb3 Nd6 42. Qd3 Qc3 43. Rd1 Qxd3 44. cxd3 Rh7 45. Rh1 Rch8 46. Rc2 Rxh3 47. Rhc1 Rh1 48. Kb2 Rxc1 49. Rxc1 Nb5 50. Kb3 Nc3 51. Re1 Nd5 52. Kc4 Kc6 53. Rc1 Kd6 54. Kb3 Nf4 55. Bxf4 gxf4 56. f3 Rh2 57. Rc2 Rxc2 58. Kxc2 b5 59. Kb3 a5 60. Kc2 Kc5 61. Kb3 b4 62. Kb2 Kb5 63. Kb3 a4+ 64. Kb2 a3+ 65. Kb3 Ka5 66. Kc4 Ka4 67. Kd5 b3 68. axb3+ Kxb3 69. g5 fxg5 0-1